Central Library OPAC University of Rajshahi

An introduction to the infinitesimal calculus : (Record no. 51255)

MARC details
000 -LEADER
fixed length control field 00828nam a2200265 a 4500
001 - CONTROL NUMBER
control field 51255
003 - CONTROL NUMBER IDENTIFIER
rucl marc code BD-RjUL
005 - DATE AND TIME OF LATEST TRANSACTION
control field 20211209075631.0
008 - FIXED-LENGTH DATA ELEMENTS--GENERAL INFORMATION
fixed length control field 961108s19491914enka b 001 0 eng d
035 ## - SYSTEM CONTROL NUMBER
System control number (BD-RjUL)51375
System control number (OCoLC)01474193
040 ## - CATALOGING SOURCE
Original cataloging agency IPL
Transcribing agency DZM
Modifying agency IPL
-- BD-RjUL
Language of cataloging eng
041 ## - LANGUAGE CODE
Language code of text/sound track or separate title eng
082 ## - DEWEY DECIMAL CLASSIFICATION NUMBER
Classification number 515
Author mark and year CAI 1949
090 ## - LOCALLY ASSIGNED LC-TYPE CALL NUMBER (OCLC); LOCAL CALL NUMBER (OCLC)
Classification number (OCLC) (R) ; Classification number, CALL (RLIN) (NR) QA303
Local cutter number (OCLC) ; Book number/undivided call number, CALL (RLIN) .C33x 1914
100 1# - MAIN ENTRY--PERSONAL NAME
Personal name Caunt, G. W.
Fuller form of name (George William)
9 (RLIN) 153332
245 13 - TITLE STATEMENT
Title An introduction to the infinitesimal calculus :
Remainder of title with applications to mechanics and physics /
Statement of responsibility, etc. by G.W. Caunt.
260 ## - PUBLICATION, DISTRIBUTION, ETC. (IMPRINT)
Place of publication, distribution, etc. Oxford :
Name of publisher, distributor, etc. Clarendon Press
Date of publication, distribution, etc. 1914, [reprint 1949]
300 ## - PHYSICAL DESCRIPTION
Pagination xx, 568 p. :
Illustrations ill. ;
Size 23 cm.
500 ## - GENERAL NOTE
General note Includes index.
650 #0 - SUBJECT ADDED ENTRY--TOPICAL TERM
Topical term or geographic name as entry element Calculus.
9 (RLIN) 153333
Topical term or geographic name as entry element Differential equations.
9 (RLIN) 153334
942 ## - ADDED ENTRY ELEMENTS (KOHA)
Source of classification or shelving scheme Dewey Decimal Classification
Koha item type Books
949 ## - LOCAL PROCESSING INFORMATION (OCLC)
a w
p 39080013401432
Holdings
Lost status Source of classification or shelving scheme Damaged status Not for loan Collection code Permanent Location Current Location Shelving location Date acquired Source of acquisition Cost, normal purchase price Total Checkouts Full call number Date last seen Copy number Koha item type
  Dewey Decimal Classification     Non-fiction Central Library, University of Rajshahi Central Library, University of Rajshahi   07/05/1954 N/A 0.00   515 CAI 1949 30/08/2016 C-2 Books
  Dewey Decimal Classification   Not For Loan Non-fiction Central Library, University of Rajshahi Central Library, University of Rajshahi Reading Room 07/05/1954 N/A 0.00   515 CAI 1949 19/04/2017 C-1 Books